[Event "Asia-ch U20 Girls"]
[Site "Tagaytay City"]
[Date "2022.11.22"]
[Round "5"]
[White "Kairbekova, Amina"]
[Black "Femil, Chelladurai"]
[Result "0-1"]
[WhiteElo "2212"]
[BlackElo "1657"]
[PlyCount "90"]
[EventDate "2022.11.19"]
[EventType "swiss"]
[EventRounds "9"]
[EventCountry "PHI"]
[SourceTitle "CBM 211 Extra"]
[Source "ChessBase"]
[SourceDate "2023.01.31"]
[SourceVersion "1"]
[SourceVersionDate "2023.01.31"]
[SourceQuality "1"]

1. e4 e5 2. Nf3 Nc6 3. d4 exd4 4. Nxd4 Bc5 5. Be3 Qf6 6. c3 Nge7 7. Bb5 d6 8. 0-0 0-0 9. f4 Bxd4 10. cxd4 d5 11. e5 Qg6 12. Nc3 Bf5 13. Be2 Nb4 14. Qd2 Nc2 15. Rac1 Nxe3 16. Qxe3 c6 17. b4 b5 18. a4 a5 19. bxa5 b4 20. Nd1 Rxa5 21. Nb2 Be4 22. Rf2 f6 23. Qb3 Rb8 24. Bd3 Bxd3 25. Nxd3 Nf5 26. Nxb4 Nxd4 27. Qc3 fxe5 28. fxe5 Rxa4 29. Rcf1 h6 30. Qxd4 Raxb4 31. Qc5 Rb1 32. Rf8+ Rxf8 33. Qxf8+ Kh7 34. Qd6 Rb2 35. Qxg6+ Kxg6 36. g4 Re2 37. Rc1 Rxe5 38. Rxc6+ Kg5 39. Kf2 Kxg4 40. Rg6+ Rg5 41. Rd6 Kh3 42. Kf3 Rf5+ 43. Ke3 Kxh2 44. Rg6 Rg5 45. Rd6 Kg3 0-1

[Event "Wch U20 Girls 38th"]
[Site "Cala Gonone"]
[Date "2022.10.12"]
[Round "1"]
[White "Femil, Chelladurai"]
[Black "Jarocka, Liwia"]
[Result "0-1"]
[WhiteElo "1562"]
[BlackElo "2089"]
[PlyCount "100"]
[EventDate "2022.10.12"]
[EventType "swiss"]
[EventRounds "11"]
[EventCountry "ITA"]
[SourceTitle "CBM 210 Extra"]
[Source "ChessBase"]
[SourceDate "2022.11.30"]
[SourceVersion "1"]
[SourceVersionDate "2022.11.30"]
[SourceQuality "1"]

1. e4 c6 2. d4 d5 3. Nc3 dxe4 4. Nxe4 Nf6 5. Ng3 h5 6. h4 c5 7. Be3 Bg4 8. Be2 cxd4 9. Qxd4 Nc6 10. Qa4 Qc7 11. 0-0-0 e5 12. Nf3 Be7 13. Ng5 Bxe2 14. Nxe2 0-0 15. Nc3 Rad8 16. Rxd8 Rxd8 17. Qc4 Bf8 18. Bxa7 Rd7 19. Be3 Qd8 20. Rd1 Rxd1+ 21. Nxd1 Qd7 22. Nc3 Ng4 23. Nd5 Nxe3 24. Nxe3 g6 25. Nd5 Qf5 26. Ne4 Bh6+ 27. Kb1 Kg7 28. f3 Qc8 29. Ndf6 Qd8 30. Nd6 Qe7 31. Nde4 Kh8 32. g4 Bg7 33. g5 Bxf6 34. gxf6 Qd7 35. a3 Nd4 36. Qc5 Kg8 37. Qxe5 Nc6 38. Qd6 Qh3 39. b3 Qxf3 40. Qd7 Qh1+ 41. Ka2 Qxe4 42. c4 Qc2+ 43. Ka1 Qc3+ 44. Ka2 Qxf6 45. Qxb7 Qf2+ 46. Kb1 Nd4 47. Qe4 Nxb3 48. Qc2 Qxc2+ 49. Kxc2 Na5 50. Kd3 g5 0-1

[Event "IND-ch U18 Girls"]
[Site "Pollachi"]
[Date "2022.04.21"]
[Round "8"]
[White "Femil, Chelladurai"]
[Black "Vijayasubhasri, S."]
[Result "1/2-1/2"]
[WhiteElo "1664"]
[BlackElo "1628"]
[PlyCount "95"]
[EventDate "2022.04.18"]
[EventType "swiss"]
[EventRounds "11"]
[EventCountry "IND"]
[SourceTitle "CBM 208 Extra"]
[Source "ChessBase"]
[SourceDate "2022.07.31"]
[SourceVersion "1"]
[SourceVersionDate "2022.07.31"]
[SourceQuality "1"]

1. e4 e6 2. d4 d5 3. exd5 exd5 4. Nf3 Nf6 5. Bd3 Bd6 6. 0-0 0-0 7. Bg5 Re8 8. Re1 Nbd7 9. Nbd2 h6 10. Bh4 c6 11. c3 Rxe1+ 12. Qxe1 Qe8 13. Bxf6 Nxf6 14. Qxe8+ Nxe8 15. Re1 Be6 16. Ne5 Bxe5 17. Rxe5 Nd6 18. Kf1 Re8 19. h3 Kf8 20. Ke2 f6 21. Re3 Bf5 22. Rxe8+ Kxe8 23. Bxf5 Nxf5 24. Kd3 Nd6 25. b3 Kd7 26. Nf1 Ne4 27. f3 Nd6 28. Ng3 g6 29. Nf1 Ke6 30. Ne3 Nf5 31. Nxf5 Kxf5 32. g3 Ke6 33. b4 b6 34. Ke3 Kd6 35. Kd3 c5 36. b5 c4+ 37. Ke3 Ke6 38. a4 f5 39. f4 Kf6 40. Kf3 h5 41. g4 h4 42. g5+ Ke6 43. Ke2 Kd6 44. Kd2 Kc7 45. Kc2 Kb7 46. Kb2 a6 47. Ka3 axb5 48. axb5 1/2-1/2

[Event "IND-ch U20 Girls 50th"]
[Site "Gurugram"]
[Date "2022.03.13"]
[Round "9"]
[White "Bristy, Mukherjee"]
[Black "Femil, Chelladurai"]
[Result "0-1"]
[WhiteElo "1788"]
[BlackElo "1596"]
[PlyCount "134"]
[EventDate "2022.03.09"]
[EventType "swiss"]
[EventRounds "9"]
[EventCountry "IND"]
[SourceTitle "EXT 2023"]
[Source "ChessBase"]
[SourceDate "2022.10.05"]
[SourceVersion "1"]
[SourceVersionDate "2022.10.05"]
[SourceQuality "1"]

1. d4 d5 2. Nc3 Nf6 3. Bg5 Bf5 4. f3 Nbd7 5. Nxd5 Nxd5 6. e4 h6 7. Bc1 e5 8. exf5 Qh4+ 9. g3 Qxd4 10. Qxd4 exd4 11. Ne2 c5 12. Nf4 Nb4 13. Kd1 0-0-0 14. Bd2 Nc6 15. b3 Nde5 16. Be2 Bd6 17. Nh5 g6 18. fxg6 fxg6 19. Nf4 Rdf8 20. Rf1 Rf7 21. Nd3 Nxd3 22. Bxd3 g5 23. Ke2 Rhf8 24. Be4 Ne5 25. h3 Re8 26. Kf2 Ref8 27. Kg2 c4 28. f4 c3 29. Bxc3 dxc3 30. fxe5 Rxf1 31. Rxf1 Rxf1 32. Kxf1 Bxe5 33. Kf2 Kc7 34. g4 b6 35. Ke3 Kd6 36. Bd3 Kc5 37. Ke4 Bg7 38. a4 a5 39. Kf5 Kd4 40. Kg6 Bf8 41. Kf7 Bd6 42. Kg7 Ke3 43. Kxh6 Kf4 44. Kg6 Be7 45. Kf7 Bd8 46. Ke8 Bf6 47. Kd7 Kg3 48. Ke6 Bd8 49. Bf1 Kf2 50. Bd3 Kg2 51. Kd7 Bf6 52. Ke6 Bd8 53. Kd7 Bf6 54. Ke6 Bd8 55. h4 gxh4 56. Kf5 Be7 57. g5 h3 58. g6 Bf8 59. Kf6 h2 60. g7 Bxg7+ 61. Kxg7 Kf2 62. Be4 Ke3 63. Bd5 Kd2 64. Be4 h1Q 65. Bxh1 Kxc2 66. Kf6 Kxb3 67. Bd5+ Kxa4 0-1

[Event "Asian Schools-ch 14th U13 Girls"]
[Site "Waskaduwa"]
[Date "2018.07.10"]
[Round "3.2"]
[White "Femil, Chelladurai"]
[Black "Pavalachandran, Ashvini"]
[Result "1/2-1/2"]
[WhiteElo "1453"]
[BlackElo "1606"]
[PlyCount "47"]
[EventDate "2018.07.09"]
[EventType "swiss"]
[EventRounds "9"]
[EventCountry "SRI"]
[SourceTitle "EXT 2024"]
[Source "ChessBase"]
[SourceDate "2023.10.10"]
[SourceVersion "1"]
[SourceVersionDate "2023.10.10"]
[SourceQuality "1"]

1. e4 d6 2. d4 Nf6 3. Nd2 g6 4. Ngf3 Bg7 5. Bd3 0-0 6. 0-0 Nfd7 7. Nb3 c5 8. c3 Qc7 9. Qe2 e6 10. Be3 b6 11. Nfd2 Nc6 12. Rac1 Ne7 13. Bb1 a6 14. f4 f5 15. Nf3 fxe4 16. Bxe4 d5 17. Bb1 c4 18. Nbd2 Nf5 19. Ne5 Nxe5 20. fxe5 Qe7 21. Bxf5 exf5 22. g3 Rf7 23. Nf3 h6 24. h4 1/2-1/2